Posolstvo nádeje proti každej kríze viery

Podrobná bibliografia
Hlavný autor: Gianto, Agustinus (Autor)
Médium: Článok
Jazyk:slovenčina
ISSN:1336-0205
Predmet:

MARC

LEADER 00000nab a2200000 ar4500
001 vtls009942642
003 SK-MaSNL
005 20260303045154.0
008 090824c2009 xo mr|p|||||||000 b|slo
015 |a SNBRB2009/08  |2 snkbucl 
038 |a SNKBUCL 
040 |a SNKBUCL  |b slo  |c SNKBUCL  |e AACR2 
041 0 |a slo 
044 |a xo  |c SK 
080 |a 27-244.22  |2 2001 
080 |a 27-23  |2 2001 
100 1 |a Gianto, Agustinus  |4 aut  |9 1035390 
245 1 0 |a Posolstvo nádeje proti každej kríze viery  |c Agustinus Gianto 
600 0 7 |a Izaiáš,  |c prorok,  |d činný 781-687 pred Kr.  |2 snkbucl  |9 214620 
630 0 7 |a Biblia  |p Izaiáš  |2 snkbucl  |9 162797 
650 0 7 |a kríza viery  |2 snkbucl  |9 412548 
650 0 7 |a prorocké knihy  |2 snkbucl  |9 326651 
773 0 |t Sväté písmo pre každého  |g Roč. IX, č. 4-5 (2009), s. 60-61  |x 1336-0205 
852 |a SNK  |b KIS3GCP 
958 |a SK 
958 |a NT 
999 |c 1702829  |d 1704759